Blackpink Songs by Synonyms - Statistics

General Stats
  • This quiz has been taken 83 times
  • The average score is 10 of 12
Answer Stats
Hint Answer % Correct
Cold Sorbet Ice Cream
96%
Destroy this Romance Kill this Love
96%
Love-struck Females Lovesick Girls
93%
Entertaining Oneself with Flames Playing With Fire
93%
Do Not Realize What I Should Do Don't Know What to Do
91%
Eternal Youth Forever Young
91%
Rosy Poison Pink Venom
89%
Beautiful Fierce Pretty Savage
86%
Close Downward Shut Down
84%
Insane Because of You Crazy Over You
80%
Strike It With My Foot Kick It
73%
Shrill Sound Made with Mouth Whistle
69%
No matching quizzes found
Score Distribution
Percent of People with Each Score
Percentile by Number Answered
Your Score History
You have not taken this quiz